000 00423nam a2200181Ia 4500
001 1589
005 20260306143739.0
008 260306t1970||||xx |||||||||||||| ||spa||
041 _aESP
082 _a153
_bF83
100 _aFreud, Sigmund
_eAUT
245 0 _aPsicopatologĂ­a de la vida cotidiana
260 _c1970
300 _a318 páginas :
_c18 cm.
650 _aGEN
654 _aCPS
942 _cLIB
_dJUS
_fJUS
_2ddc
_n
999 _c1589
_d1589